000 00304nam a2200133Ia 4500
008 191201s2006 xx 000 0 und d
082 _a658
_bCHP
100 _aCHADDA, Prem
245 0 _aPerformance Management
260 _aN.Delhi
_bMacmillan
_c2006
300 _a474
650 _aMBA
942 _2ddc
_cBK
999 _c2639
_d2639